ბათუმის შოთა რუსთაველის სახელმწიფო უნივერსიტეტის ბიბლიოთეკა

The Book of Tea : (ბიბ.ჩანაწერი № 64015)

000 -LEADER
fixed length control field 00600nam a22001937a 4500
005 - DATE AND TIME OF LATEST TRANSACTION
control field 20260309180310.0
008 - FIXED-LENGTH DATA ELEMENTS--GENERAL INFORMATION
fixed length control field 260309s2021 enk||||| |||| 00| 0 eng d
020 ## - INTERNATIONAL STANDARD BOOK NUMBER
International Standard Book Number 9780983610601x
041 ## - LANGUAGE CODE
Language code of text/sound track or separate title eng
080 ## - UNIVERSAL DECIMAL CLASSIFICATION NUMBER
Universal Decimal Classification number 821.521-4 K-19
100 ## - MAIN ENTRY--PERSONAL NAME
Personal name Kakuzo, Okakura
9 (RLIN) 27093
245 ## - TITLE STATEMENT
Title The Book of Tea :
Statement of responsibility, etc. Okakura Kakuzo, Bruce Richardson.
264 ## - PRODUCTION, PUBLICATION, DISTRIBUTION, MANUFACTURE, AND COPYRIGHT NOTICE
Place of production, publication, distribution, manufacture Danville:
Name of producer, publisher, distributor, manufacturer Benjamin Press,
Date of production, publication, distribution, manufacture, or copyright notice 2021.
300 ## - PHYSICAL DESCRIPTION
Extent 104 p.:
Other physical details ill.;
Dimensions 24 cm.
653 ## - INDEX TERM--UNCONTROLLED
keyword ჩაის წიგნი
653 ## - INDEX TERM--UNCONTROLLED
keyword იაპონია
700 ## - ADDED ENTRY--PERSONAL NAME
Personal name Richardson, Bruce
Relator term ავტორი
9 (RLIN) 27094
942 ## - ADDED ENTRY ELEMENTS (KOHA)
Source of classification or shelving scheme
Koha item type წიგნი
ეგზემპლარები
Withdrawn status Lost status Source of classification or shelving scheme Damaged status Not for loan Permanent Location Current Location Shelving location Date acquired Cost, normal purchase price Full call number Barcode Date last seen Copy number Uniform Resource Identifier Price effective from Koha item type Public note
          ბათუმის შოთა რუსთაველის სახელმწიფო უნივერსიტეტის მთავარი ბიბლიოთეკა ბათუმის შოთა რუსთაველის სახელმწიფო უნივერსიტეტის მთავარი ბიბლიოთეკა წიგნსაცავი 2026-03-09 10.00 821.521-4 K-19 73899 2026-03-09 73899 იაპონიის ელჩის საჩუქარი 2026-03-09 წიგნი 10 ლ.